| 000 | 00497nam a2200169Ia 4500 | ||
|---|---|---|---|
| 999 |
_c35286 _d35286 |
||
| 003 | OSt | ||
| 005 | 20201113093858.0 | ||
| 008 | 190216s9999||||xx |||||||||||||| ||und|| | ||
| 040 | _coclc | ||
| 082 |
_a891.43909 _bFAR/H |
||
| 100 |
_aFaridi, S N _96319 |
||
| 245 | 0 |
_aHindu History Of Urdu Literature / _cS N Faridi |
|
| 260 |
_bRamprasad&Sons, _c1966. _aAgra: |
||
| 300 | _a129p | ||
| 650 | _aLiteratures Of Other | ||
| 942 |
_cREF _2ddc _h891.43909 _iFAR/H _k891.43909 _mFAR/H |
||